[Event "FRA-ch op-B"]
[Site "Saint Quentin"]
[Date "2015.??.??"]
[Round "4"]
[White "Chaignet, Lucas"]
[Black "Ruhant, Anthony"]
[Result "0-1"]
[WhiteElo "1744"]
[BlackElo "1947"]
[PlyCount "82"]
[EventDate "2015.08.09"]
[EventType "swiss"]
[EventRounds "11"]
[EventCountry "FRA"]
[SourceTitle "EXT 2016"]
[Source "ChessBase"]
[SourceDate "2015.10.08"]
[SourceVersion "1"]
[SourceVersionDate "2015.10.08"]
[SourceQuality "1"]

1. e4 e5 2. Nf3 Nc6 3. Nc3 Bc5 4. Nxe5 Nxe5 5. d4 Bd6 6. dxe5 Bxe5 7. Bd3 Qh4 8. Be3 Nf6 9. Qd2 Qg4 10. f3 Qe6 11. Bf4 0-0 12. Bxe5 Qxe5 13. 0-0 a6 14. Rae1 b5 15. Qe3 b4 16. f4 Qa5 17. Nd1 Bb7 18. Qh3 Qh5 19. Qxh5 Nxh5 20. Ne3 d6 21. Nc4 a5 22. e5 d5 23. Nd2 g6 24. Nb3 Ng7 25. Nc5 Bc8 26. Bb5 Rd8 27. Rd1 Ne6 28. Nxe6 fxe6 29. Rf3 c5 30. c3 Rb8 31. Bc4 Bb7 32. Bb3 c4 33. Ba4 d4 34. Rg3 dxc3 35. Rxd8+ Rxd8 36. bxc3 Rd2 37. Bb5 Bd5 38. cxb4 axb4 39. a4 b3 40. Re3 Rd1+ 41. Kf2 b2 0-1

[Event "FRA-ch op-B"]
[Site "Saint Quentin"]
[Date "2015.??.??"]
[Round "3"]
[White "Perradin, Vincent"]
[Black "Chaignet, Lucas"]
[Result "0-1"]
[WhiteElo "1930"]
[BlackElo "1744"]
[PlyCount "54"]
[EventDate "2015.08.09"]
[EventType "swiss"]
[EventRounds "11"]
[EventCountry "FRA"]
[SourceTitle "EXT 2016"]
[Source "ChessBase"]
[SourceDate "2015.10.08"]
[SourceVersion "1"]
[SourceVersionDate "2015.10.08"]
[SourceQuality "1"]

1. e4 Nf6 2. e5 Nd5 3. d4 d6 4. c4 Nb6 5. f4 dxe5 6. fxe5 Nc6 7. Be3 Bf5 8. Nc3 e6 9. Be2 Qd7 10. h3 Be7 11. Nf3 0-0-0 12. 0-0 f6 13. a3 fxe5 14. dxe5 Qe8 15. Qe1 Qg6 16. Kh1 Bd3 17. Bxb6 axb6 18. Bxd3 Rxd3 19. Qe2 Rhd8 20. Rad1 Na5 21. Nd5 R3xd5 22. cxd5 exd5 23. Qd3 Qg3 24. Qf5+ Kb8 25. Nd4 Nc4 26. Rde1 Ne3 27. Qf7 Qxg2# 0-1

[Event "FRA-ch blind 30th"]
[Site "Arras"]
[Date "2014.06.01"]
[Round "7"]
[White "Le Brun, Yves"]
[Black "Chaignet, Lucas"]
[Result "0-1"]
[WhiteElo "1385"]
[BlackElo "1628"]
[PlyCount "66"]
[EventDate "2014.05.30"]
[EventType "swiss"]
[EventRounds "7"]
[EventCountry "FRA"]
[SourceTitle "EXT 2015"]
[Source "ChessBase"]
[SourceDate "2014.11.20"]
[SourceVersion "1"]
[SourceVersionDate "2014.11.20"]
[SourceQuality "1"]

1. Nf3 Nf6 2. g3 g6 3. Bg2 Bg7 4. Nc3 d6 5. d3 0-0 6. e4 e5 7. Bd2 Nc6 8. h3 Ne8 9. Qc1 f5 10. Bh6 Qf6 11. Nd5 Qf7 12. h4 fxe4 13. dxe4 Nd4 14. Bxg7 Kxg7 15. h5 Nxf3+ 16. Bxf3 Qxf3 17. h6+ Kh8 18. Rh2 Qxe4+ 19. Ne3 Nf6 20. Rh4 Qf3 21. Qd2 Ne4 22. Qe2 Qxe2+ 23. Kxe2 Nc5 24. Rf1 Be6 25. b3 Rf6 26. g4 Ne4 27. g5 Nxg5 28. Ng4 Bxg4+ 29. Rxg4 Ne6 30. Rb4 b6 31. c3 Raf8 32. Ke3 Rf3+ 33. Ke2 Rxc3 0-1

[Event "FRA-ch blind 30th"]
[Site "Arras"]
[Date "2014.05.30"]
[Round "2"]
[White "Polat, Pierre"]
[Black "Chaignet, Lucas"]
[Result "1-0"]
[WhiteElo "1788"]
[BlackElo "1628"]
[PlyCount "89"]
[EventDate "2014.05.30"]
[EventType "swiss"]
[EventRounds "7"]
[EventCountry "FRA"]
[SourceTitle "EXT 2015"]
[Source "ChessBase"]
[SourceDate "2014.11.20"]
[SourceVersion "1"]
[SourceVersionDate "2014.11.20"]
[SourceQuality "1"]

1. e4 e5 2. Nf3 Nc6 3. Bc4 Bc5 4. c3 Nf6 5. d4 exd4 6. cxd4 Bb4+ 7. Nc3 Nxe4 8. 0-0 Bxc3 9. bxc3 d5 10. Bd3 Bf5 11. Re1 0-0 12. Qc2 Bg6 13. Bf4 f5 14. Ne5 Nxe5 15. Bxe5 c6 16. f3 Nd6 17. Re2 Qd7 18. Qb3 b6 19. a4 Nb7 20. Rc1 Rfe8 21. c4 Na5 22. Qb4 dxc4 23. Bxc4+ Nxc4 24. Qxc4+ Bf7 25. Qxc6 Qxc6 26. Rxc6 Rac8 27. Rec2 Rxc6 28. Rxc6 Bb3 29. Rc7 Bxa4 30. Rxg7+ Kf8 31. Rxa7 b5 32. Rxh7 Bb3 33. Rh8+ Kf7 34. Rxe8 Kxe8 35. Kf2 Bd5 36. Bd6 Kd7 37. Bc5 Ke6 38. Ke3 Kf6 39. Kf4 Be6 40. h4 Bf7 41. g4 fxg4 42. fxg4 Bd5 43. h5 Bf7 44. g5+ Kg7 45. g6 1-0

[Event "La Fere op 11th"]
[Site "La Fere"]
[Date "2012.07.07"]
[Round "1"]
[White "Chaignet, Lucas"]
[Black "Paris, Pierre Julien"]
[Result "1/2-1/2"]
[WhiteElo "1411"]
[BlackElo "1592"]
[PlyCount "110"]
[EventDate "2012.07.07"]
[EventType "swiss"]
[EventRounds "9"]
[EventCountry "FRA"]
[SourceTitle "CBM 149 Extra"]
[Source "ChessBase"]
[SourceDate "2012.08.24"]
[SourceVersion "1"]
[SourceVersionDate "2012.08.24"]
[SourceQuality "1"]

1. e4 c6 2. d4 d5 3. Nc3 dxe4 4. Nxe4 Nd7 5. Bc4 e6 6. Bf4 Ndf6 7. Nxf6+ Nxf6 8. Nf3 Be7 9. Qd2 0-0 10. 0-0 b5 11. Bd3 a6 12. a4 Bb7 13. Ne5 Kh8 14. axb5 cxb5 15. Be2 Nd5 16. Bf3 Rc8 17. c3 a5 18. Rfc1 Ba6 19. Be2 Nxf4 20. Qxf4 Kg8 21. Qf3 Qc7 22. Bd3 Bf6 23. Ng4 Bg5 24. Re1 Rce8 25. Ne5 Bf6 26. Nc6 a4 27. Nb4 Qb6 28. Nxa6 Qxa6 29. Qh5 g6 30. Qxb5 Qd6 31. Qxa4 e5 32. f4 Qb6 33. Bb5 Re7 34. Qb4 exf4 35. Rxe7 Bxe7 36. Qxe7 Qxb5 37. Rb1 Re8 38. Qh4 Qd3 39. Rf1 Re4 40. Qf2 g5 41. Re1 f5 42. h4 g4 43. Rxe4 Qxe4 44. Kf1 g3 45. Qd2 Kf7 46. b4 Kg6 47. Qe1 Qc6 48. Qd2 Qe4 49. Qe2 Qb1+ 50. Qe1 Qd3+ 51. Kg1 Kh5 52. Qe8+ Kxh4 53. Qe7+ Kg4 54. Qg7+ Kh4 55. Qxh7+ Kg4 1/2-1/2